000 01339cam a22002054a 4500
005 20250605164108.0
008 250528s ||||||||||||||||||||||||d
035 _a17793
020 _a9781785922374
040 _aGR-AtMCL
_bgre
_dGR-AtMCL
_eAACR2
245 1 _aSupporting Vulnerable Children in the Early Years / Practical Guidance and Strategies for Working with Children at Risk
260 _bJessica Kingsley Publishers,
_c2019
300 _a272
520 _aThis book provides practical guidance for early years practitioners working with vulnerable children. Foreword, Acknowledgements, Introduction, The Contemporary Environment, To the Stars, Inside an Early Years Rural Setting, Vulnerable Groups, Children at Risk of Being Missed, Poverty and Language in the Classroom, Children in a Diverse Society, Looked-After Children or Those in Care, Supporting the Child, Safeguarding, Early Years Interventions, The Quest to Determine a Child's Understanding, A Positive Process, Health and Wellbeing, Interminable Transition in the Early Years, Child and Family and Community, Concluding Thoughts, Appendix: A List of Written Feedback Strategies and Approaches Used in Primary Schools, Contributors, Index.
700 1 _aAtkin Chris
_94044
700 1 _aBeckley Pat
_94045
942 _cBK
999 _c3193
_d3193